Największe państwa graniczące z Polską. - Statystyki

Ogólne statystyki
  • Ten quiz został rozwiązany 44 razy
  • Średni wynik to 7 z 7
Statystyki odpowiedzi
Pozycja Państwo % Poprawnych
1. Rosja 17,1mln. km2
100%
2. Ukraina 603tys. km2
95%
4. Białoruś 207tys. km2
92%
5. Czechy 78tys. km2
92%
6. Litwa 65tys. km2
92%
3. Niemcy 357tys. km2
92%
7. Słowacja 49tys. km2
92%
Nie znaleziono quizów pasujących do podanych kryteriów
Rozkład punktacji
Procent ludzi z każdym wynikiem
Percentyl według liczby udzielonych odpowiedzi
Twoja historia wyników
Nie rozwiązałeś tego quizu